15 größte Städte Frankreich - Statistiken

Allgemein
  • Dieses Quiz wurde 105 mal gespielt
  • Das Durchschnittsergebnis liegt bei 11 aus 15
Antwortstatistiken
Einwohner Antwort % Korrekt
2.114.000 Paris
100%
877.000 Marseille
95%
354.000 Nizza
94%
521.000 Lyon
93%
265.000 Bordeaux
88%
512.000 Toulouse
82%
292.000 Straßburg
81%
239.000 Lille
70%
325.000 Nantes
70%
223.000 Rennes
67%
307.000 Montpellier
64%
180.000 Reims
49%
166.000 Le Havre
39%
174.000 Saint-Étienne
39%
180.000 Toulon
27%
Keine übereinstimmenden Quizze gefunden
Verteilung der Resultate
Anzahl Personen mit jedem Resultat
Perzentil nach korrekt beantworteten Fragen
Ihre Resultats-Entwicklung
Sie haben dieses Quiz noch nicht gespielt